Los derechos humanos de las personas con discapacidad (Registro nro. 5329)

Detalles MARC
000 -Cabecera
Campo de control de longitud fija 00579aam a2200205 4500
005 - Fecha y hora de la última transacción
Campo de control 20231013133714.0
008 - Elementos de longitud fija--Información general
Campo de control de longitud fija 150511b1996 xxu||||| |||| 00| 0 spa d
020 ## - International Standard Book Number
Número Internacional Estándar del Libro (ISBN) 9977250588
041 ## - Idioma
Código de idioma Español
082 ## - Clasificación Decimal Dewey
Número de clasificación 323 J61d
100 ## - Entrada principal--Autor personal
Nombre personal Jiménez, Rodrigo
9 (RLIN) 14633
245 ## - Título propiamente dicho
Título Los derechos humanos de las personas con discapacidad
260 ## - Pie de imprenta
Lugar de publicación, distribución, etc. Costa Rica
Nombre del editor, distribuidor, etc. ILANUD
Fecha de publicación, distribución, etc. 1996
300 ## - Descripción física
Extensión 192 páginas
650 ## - Materia general
Temática (materia general) DERECHOS HUMANOS
650 ## - Materia general
Temática (materia general) DISCAPACITAD
650 ## - Materia general
Temática (materia general) PERSONAS CON DISCAPACIDAD
650 ## - Materia general
Temática (materia general) LEGISLACIÓN INTERNACIONAL
942 ## - Punto de acceso adicional KOHA
Tipo de ítem KOHA Libro
Fuente del sistema de clasificación o colocación Dewey Decimal Classification
Existencias
Signatura completa Código de barras Tipo de ítem
323 J61d 3174 Libro